000 00355nam a2200145Ia 4500
008 210210b1912 xxu||||| |||| 00| 0 eng d
041 _aeng
082 _a822/1007
100 _aRAWLINSON (H G)
245 _aHistory of herodotus Vol II
260 _aLondon
_bJ M Dent and Sons Ltd.
_c1912
440 _aII
690 _aEnglish Prose
906 _a013190
999 _c132038
_d132038